Statistics for Word Search Boxes #2

Click here to take the quiz!

General Stats

  • This quiz has been taken 389 times
  • The average score is 5 of 10

Answer Stats

HintAnswer% Correct
AnimalCamel
71%
CountryHaiti
66%
DanceTango
65%
HerbBasil
57%
FruitPeach
57%
VegetableOnion
52%
Capital CityParis
50%
Body partThumb
40%
AuthorKafka
35%
SeaCoral
31%

Score Distribution

Percentile by Number Answered

Percent of People with Each Score

Your Score History

You have not taken this quiz